000 00155nam a22000857a 4500
082 _a823
100 _aMYSTIE AMWAL
245 _aBUTTERFLY READERS
942 _cBK
999 _c8246
_d8246